Statistiques concernant Les départements français qui votent le plus à droite

Cliquez ici pour prendre le quiz!

Statistiques générales

  • Ce quiz a été pris 255 fois
  • Le résultat moyen est 19 sur 23

Statistiques - réponses

RégionScore moyen de la droiteDépartement% Correct
Grand Est64,3%Haut-Rhin
94%
Provence-Alpes-Côte d'Azur64%Var
94%
Grand Est64,5%Bas-Rhin
93%
Corse56,6%Haute-Corse
93%
Provence-Alpes-Côte d'Azur66,2%Alpes-Maritimes
92%
Corse59,6%Corse-du-Sud
91%
Provence-Alpes-Côte d'Azur58,5%Vaucluse
86%
Grand Est55%Moselle
85%
Provence-Alpes-Côte d'Azur55,4%Bouches-du-Rhône
84%
Île-de-France56,5%Yvelines
84%
Centre-Val de Loire56,2%Loiret
83%
Auvergne-Rhône-Alpes61,5%Haute-Savoie
82%
Auvergne-Rhône-Alpes55,1%Savoie
82%
Grand Est57,2%Marne
79%
Grand Est55,3%Meuse
79%
Hauts-de-France55,5%Oise
78%
Auvergne-Rhône-Alpes58,8%Ain
74%
Grand Est56,7%Haute-Marne
72%
Pays de la Loire56,3%Vendée
71%
Bourgogne-France-Comté55,9%Yonne
71%
Normandie55,3%Orne
69%
Grand Est59,5%Aube
68%
Centre-Val de Loire55,8%Eure-et-Loir
65%

Distribution des résultats

Percentile par nombre de réponses

% des personnes avec chaque résultat

Votre développement - résultats

Vous n’avez pas pris ce quiz